000
00249nam a22001217a 4500
003
SGT
082
_a
428.34 KUM
100
_a
KUMAR, SANJAY
245
_a
COMMUNICATION SKILLS
250
_a
2nd
260
_a
NEW DELHI
_b
OXFORD
_c
2015
942
_2
ddc
_c
CD
999
_c
11254
_d
11254